[Event "Ursus op"]
[Site "Ursus"]
[Date "2006.05.28"]
[Round "3"]
[White "Krasiewicz, Robert"]
[Black "Skurski, Jan"]
[Result "1/2-1/2"]
[WhiteElo "2041"]
[BlackElo "2320"]
[PlyCount "74"]
[EventDate "2006.05.27"]
[EventType "swiss"]
[EventRounds "9"]
[EventCountry "POL"]
[SourceTitle "EXT 2008"]
[Source "ChessBase"]
[SourceDate "2007.11.25"]
[SourceVersion "1"]
[SourceVersionDate "2007.11.25"]
[SourceQuality "1"]

1. d4 Nf6 2. c4 g6 3. Nc3 Bg7 4. e4 d6 5. Nf3 0-0 6. Be2 e5 7. 0-0 Nc6 8. d5 Ne7 9. b4 a5 10. Ba3 axb4 11. Bxb4 Nd7 12. a4 Bh6 13. a5 f5 14. Bd3 Nf6 15. c5 fxe4 16. cxd6 cxd6 17. Nxe4 Nxe4 18. Bxe4 Bg4 19. Qd3 Nf5 20. Nxe5 dxe5 21. Bxf8 Bxf8 22. h3 Bh5 23. g4 Bxg4 24. hxg4 Nd4 25. a6 Rxa6 26. Rxa6 bxa6 27. Qxa6 Qh4 28. Qc8 Ne2+ 29. Kg2 Nf4+ 30. Kg1 Kg7 31. Bf3 Nh3+ 32. Kg2 Nf4+ 33. Kg1 Qh3 34. Qb7+ Kh6 35. d6 e4 36. Qxe4 Bxd6 37. Rb1 Ne2+ 1/2-1/2

[Event "Ursus op"]
[Site "Ursus"]
[Date "2006.05.27"]
[Round "1"]
[White "Zaborowski, Krzysztof"]
[Black "Skurski, Jan"]
[Result "0-1"]
[WhiteElo "1774"]
[BlackElo "2320"]
[PlyCount "108"]
[EventDate "2006.05.27"]
[EventType "swiss"]
[EventRounds "9"]
[EventCountry "POL"]
[SourceTitle "EXT 2008"]
[Source "ChessBase"]
[SourceDate "2007.11.25"]
[SourceVersion "1"]
[SourceVersionDate "2007.11.25"]
[SourceQuality "1"]

1. e4 e5 2. f4 exf4 3. Nf3 d6 4. Bc4 h6 5. h4 Nf6 6. Nc3 Be7 7. d4 Nh5 8. Qd3 c6 9. Ne2 b5 10. Bb3 g5 11. hxg5 hxg5 12. Nfg1 Bf6 13. Bd2 Bg4 14. 0-0-0 Nd7 15. Nf3 a6 16. Rde1 Kf8 17. Bc3 Qe7 18. Kb1 Rd8 19. Nc1 c5 20. Bd5 Nb6 21. dxc5 dxc5 22. Nxg5 Bxg5 23. Bxh8 f6 24. Qc3 c4 25. Qa5 Nxd5 26. exd5 Qd6 27. Ne2 Bxe2 28. Rxe2 Ng3 29. Re6 Qxd5 30. Qb4+ Kg8 31. Qe1 Rf8 32. Re7 Nf5 33. Re8 Ne3 34. Re7 Rd8 35. Rg7+ Kf8 36. Qb4+ Qd6 37. Qxd6+ Rxd6 38. a3 Rd1+ 39. Rxd1 Nxd1 40. Rd7 Ne3 41. Rd2 Kg8 42. Rd8+ Kh7 43. Rf8 Kg6 44. Rg8+ Kf5 45. Bg7 Nxg2 46. Bf8 f3 47. Bc5 Be3 48. Rxg2 fxg2 49. Bxe3 Ke4 50. Bg1 Kf3 51. c3 Ke2 52. Kc2 f5 53. b3 f4 54. a4 f3 0-1

[Event "Krakow op-A"]
[Site "Krakow"]
[Date "2006.01.04"]
[Round "9"]
[White "Dinger, Florian"]
[Black "Skurski, Jan"]
[Result "0-1"]
[WhiteElo "2209"]
[BlackElo "2316"]
[PlyCount "90"]
[EventDate "2005.12.27"]
[EventType "swiss"]
[EventRounds "9"]
[EventCountry "POL"]
[SourceTitle "CBM 110 Extra"]
[Source "ChessBase"]
[SourceDate "2006.03.10"]
[SourceVersion "2"]
[SourceVersionDate "2006.03.10"]
[SourceQuality "1"]

1. e4 e5 2. Nf3 Nc6 3. Bb5 a6 4. Bxc6 dxc6 5. 0-0 Qd6 6. d3 f6 7. Be3 c5 8. Nbd2 b6 9. a4 Ne7 10. a5 Be6 11. Nc4 Qc6 12. axb6 cxb6 13. Nfd2 Nc8 14. f4 exf4 15. Bxf4 Be7 16. Ne3 0-0 17. c4 Bd6 18. Nd5 Bxd5 19. exd5 Qc7 20. Qg4 Bxf4 21. Rxf4 Nd6 22. Qe6+ Kh8 23. Ne4 Nb5 24. Rf2 Nd4 25. Qh3 Kg8 26. Raf1 Rae8 27. g4 Re5 28. Kh1 Rfe8 29. Qg3 Qe7 30. h4 b5 31. g5 fxg5 32. hxg5 Rxe4 33. dxe4 Qxe4+ 34. Qg2 Qh4+ 35. Kg1 g6 36. Rf4 Qh5 37. Rg4 Ne2+ 38. Kf2 Nf4 39. Rxf4 Re2+ 40. Kg1 Rxg2+ 41. Kxg2 Qxg5+ 42. Kf3 bxc4 43. Rd1 Qh5+ 44. Rg4 Qf5+ 45. Rf4 Qc2 0-1

[Event "Krakow op-A"]
[Site "Krakow"]
[Date "2005.12.28"]
[Round "2"]
[White "Skurski, Jan"]
[Black "Dziuba, Marcin"]
[Result "1-0"]
[WhiteElo "2316"]
[BlackElo "2494"]
[PlyCount "83"]
[EventDate "2005.12.27"]
[EventType "swiss"]
[EventRounds "9"]
[EventCountry "POL"]
[SourceTitle "CBM 110 Extra"]
[Source "ChessBase"]
[SourceDate "2006.03.10"]
[SourceVersion "2"]
[SourceVersionDate "2006.03.10"]
[SourceQuality "1"]

1. e4 c6 2. d4 d5 3. f3 e6 4. Nc3 Bb4 5. Qd3 b6 6. Nge2 Ba6 7. Qe3 Ne7 8. Bd2 0-0 9. a3 Bd6 10. e5 Bc7 11. Ng3 Bxf1 12. Rxf1 c5 13. f4 Nbc6 14. Nce2 cxd4 15. Nxd4 b5 16. Nxb5 Bb6 17. Qd3 a6 18. Nc3 Qc7 19. Nge2 Na5 20. b3 Rfd8 21. Rf3 Rac8 22. Rh3 Ng6 23. Na4 Ba7 24. Ra2 Nc4 25. Bc1 Nb6 26. Nxb6 Qxb6 27. Be3 Qa5+ 28. b4 Qc7 29. c3 h6 30. Qxa6 Bxe3 31. Rxe3 Nh4 32. Nd4 Nf5 33. Nxf5 exf5 34. Qd3 d4 35. cxd4 Qc1+ 36. Kf2 Qh1 37. Kg3 Rc6 38. Kh3 Rg6 39. Rd2 Qg1 40. Rf3 Qc1 41. Rc2 Qb1 42. Rc8 1-0

[Event "Warsaw AIG Life rapid"]
[Site "Warsaw"]
[Date "2005.12.18"]
[Round "10"]
[White "Gajewski, Grzegorz"]
[Black "Skurski, Jan"]
[Result "1-0"]
[WhiteElo "2461"]
[BlackElo "2316"]
[PlyCount "47"]
[EventDate "2005.12.17"]
[EventType "swiss (rapid)"]
[EventRounds "13"]
[EventCountry "POL"]
[SourceTitle "CBM 110 Extra"]
[Source "ChessBase"]
[SourceDate "2006.03.10"]
[SourceVersion "2"]
[SourceVersionDate "2006.03.10"]
[SourceQuality "1"]

1. Nf3 Nf6 2. d4 g6 3. g3 Bg7 4. Bg2 0-0 5. 0-0 d6 6. c4 Nc6 7. Nc3 e5 8. d5 Ne7 9. e4 Ne8 10. Ne1 f5 11. Nd3 h6 12. exf5 Bxf5 13. g4 Bd7 14. f4 exf4 15. Nxf4 Qc8 16. h3 g5 17. Nh5 Nf6 18. Nxg7 Kxg7 19. b3 Be8 20. Ne4 Nxe4 21. Bxe4 Rxf1+ 22. Qxf1 Bg6 23. Bb2+ Kh7 24. Qf7# 1-0

[Event "Warsaw AIG Life rapid"]
[Site "Warsaw"]
[Date "2005.12.18"]
[Round "12"]
[White "Skurski, Jan"]
[Black "Moranda, Wojciech"]
[Result "0-1"]
[WhiteElo "2316"]
[BlackElo "2451"]
[PlyCount "100"]
[EventDate "2005.12.17"]
[EventType "swiss (rapid)"]
[EventRounds "13"]
[EventCountry "POL"]
[SourceTitle "CBM 110 Extra"]
[Source "ChessBase"]
[SourceDate "2006.03.10"]
[SourceVersion "2"]
[SourceVersionDate "2006.03.10"]
[SourceQuality "1"]

1. e4 e5 2. Nf3 d6 3. d4 exd4 4. Nxd4 Nf6 5. Nc3 Be7 6. Be2 0-0 7. 0-0 Re8 8. f4 Bf8 9. Bf3 c5 10. Nb3 Nc6 11. Re1 c4 12. Nd4 d5 13. Nxc6 Bc5+ 14. Kh1 bxc6 15. e5 Nd7 16. Re2 Nf8 17. Na4 Bb4 18. c3 Be7 19. Be3 Bf5 20. Nc5 Ne6 21. Nxe6 fxe6 22. Rd2 Qa5 23. Bg4 Rf8 24. Bxf5 Rxf5 25. g4 Rf7 26. a3 Raf8 27. Qg1 Qc7 28. Re1 Bh4 29. Red1 Be7 30. Rg2 c5 31. Re1 Qc6 32. f5 exf5 33. gxf5 d4 34. cxd4 Rxf5 35. h3 cxd4 36. Bxd4 g6 37. Kh2 Qe6 38. Re4 Rf1 39. Qe3 R8f3 40. Qh6 Bf8 41. Qh4 Be7 42. Qh6 Bf8 43. Qh4 Bg7 44. Bc3 Rxc3 45. bxc3 Bxe5+ 46. Rg3 Bxg3+ 47. Kxg3 Qd6+ 48. Kg2 Rf8 49. Qe1 Qxa3 50. Rxc4 Qa2+ 0-1

[Event "Warsaw AIG Life rapid"]
[Site "Warsaw"]
[Date "2005.12.17"]
[Round "6"]
[White "Manik, Mikulas"]
[Black "Skurski, Jan"]
[Result "1-0"]
[WhiteElo "2474"]
[BlackElo "2316"]
[PlyCount "153"]
[EventDate "2005.12.17"]
[EventType "swiss (rapid)"]
[EventRounds "13"]
[EventCountry "POL"]
[SourceTitle "CBM 110 Extra"]
[Source "ChessBase"]
[SourceDate "2006.03.10"]
[SourceVersion "2"]
[SourceVersionDate "2006.03.10"]
[SourceQuality "1"]

1. e4 e5 2. Nf3 Nc6 3. Bb5 a6 4. Ba4 Nf6 5. 0-0 Be7 6. Re1 b5 7. Bb3 d6 8. c3 0-0 9. d4 Bg4 10. Be3 Na5 11. Bc2 Nc4 12. Bc1 c5 13. b3 Nb6 14. dxe5 Bxf3 15. Qxf3 dxe5 16. Nd2 Qc7 17. Nf1 c4 18. Ng3 g6 19. Bh6 Rfd8 20. Nf5 Ne8 21. Nxe7+ Qxe7 22. Be3 Qc7 23. a4 Nd7 24. b4 Nf8 25. h4 Ng7 26. g3 Qc6 27. Red1 Nfe6 28. Kg2 Rf8 29. Rd5 f6 30. Rad1 Rad8 31. axb5 axb5 32. Bc5 Rfe8 33. Rxd8 Nxd8 34. Rd6 Qb7 35. Rxf6 Nge6 36. Be3 Qe7 37. h5 Nf4+ 38. Rxf4 exf4 39. Bxf4 Ne6 40. Bh6 Ng5 41. Qg4 Nf7 42. Bf4 g5 43. Be3 Ne5 44. Qf5 Nd3 45. Qd5+ Qe6 46. Qxg5+ Kf8 47. Bxd3 cxd3 48. h6 Qxe4+ 49. f3 Qg6 50. Bc5+ Kf7 51. Qd5+ Re6 52. g4 Ke8 53. Qa8+ Kd7 54. Qb7+ Kd8 55. Qb8+ Kd7 56. Qxb5+ Kc8 57. Qc4 Rc6 58. Qd5 Rc7 59. Qa8+ Kd7 60. c4 Qe6 61. Qa4+ Kc8 62. Qa8+ Kd7 63. Qa2 Qe1 64. Bf2 Qxb4 65. c5 Qb5 66. Qg8 Kc6 67. Qa8+ Qb7 68. Qa4+ Qb5 69. Qe4+ Kd7 70. Qxh7+ Kc8 71. Qf5+ Kb7 72. h7 Rc8 73. Qxc8+ Kxc8 74. h8Q+ Kb7 75. Qd4 Kc6 76. Qd6+ Kb7 77. c6+ 1-0

[Event "Kochan Memorial op-A 16th"]
[Site "Koszalin"]
[Date "2005.08.??"]
[Round "8"]
[White "Mickiewicz, Piotr"]
[Black "Skurski, Jan"]
[Result "1-0"]
[WhiteElo "2308"]
[BlackElo "2313"]
[PlyCount "111"]
[EventDate "2005.08.??"]
[EventType "swiss"]
[EventRounds "10"]
[EventCountry "POL"]
[SourceTitle "EXT 2006"]
[Source "ChessBase"]
[SourceDate "2005.11.24"]
[SourceVersion "1"]
[SourceVersionDate "2005.11.24"]
[SourceQuality "1"]

1. e4 e5 2. Nf3 Nc6 3. Bb5 a6 4. Ba4 Nf6 5. 0-0 Be7 6. Re1 b5 7. Bb3 d6 8. c3 0-0 9. h3 Na5 10. Bc2 c5 11. d4 Qc7 12. Nbd2 cxd4 13. cxd4 Nc6 14. Nb3 a5 15. Be3 a4 16. Nbd2 Nb4 17. Bb1 Bd7 18. a3 Nc6 19. Bd3 Na5 20. Qe2 Qb8 21. Rec1 Re8 22. Rab1 exd4 23. Nxd4 b4 24. Bb5 b3 25. Bxd7 Nxd7 26. Nb5 Rc8 27. Nc3 Nc6 28. Nd5 Bd8 29. Rc3 Ne7 30. Qg4 Ne5 31. Nf6+ Kh8 32. Qh4 h6 33. Qh5 gxf6 34. Qxh6+ Kg8 35. Nf1 d5 36. Ng3 dxe4 37. Bc5 N5g6 38. Bxe7 Nxe7 39. Rxc8 Qxc8 40. Rd1 Qe6 41. Nh5 Nf5 42. Rxd8+ Rxd8 43. Nxf6+ Qxf6 44. Qxf6 Rd5 45. Qa6 Kg7 46. Qxa4 Nd4 47. Qc4 Rd6 48. Qc5 Rd7 49. Qe5+ Kf8 50. Qxe4 Nc2 51. Qc4 Nd4 52. Kh2 Ke7 53. a4 Kf6 54. a5 Ke5 55. a6 Ke4 56. Qc5 1-0

[Event "EU-ch 6th"]
[Site "Warsaw"]
[Date "2005.06.30"]
[Round "12"]
[White "Krasiewicz, Robert"]
[Black "Skurski, Jan"]
[Result "0-1"]
[WhiteElo "2056"]
[BlackElo "2299"]
[PlyCount "170"]
[EventDate "2005.06.18"]
[EventType "swiss"]
[EventRounds "13"]
[EventCountry "POL"]
[SourceTitle "CBM 108"]
[Source "ChessBase"]
[SourceDate "2005.09.26"]
[SourceVersion "1"]
[SourceVersionDate "2005.09.26"]
[SourceQuality "1"]

1. d4 Nf6 2. c4 g6 3. Nc3 Bg7 4. e4 d6 5. Bg5 0-0 6. Be2 Nbd7 7. f4 c5 8. e5 cxd4 9. Qxd4 Ne8 10. Nf3 Nc7 11. Bh4 dxe5 12. fxe5 Nxe5 13. Qxd8 Rxd8 14. Bxe7 Re8 15. Bd6 Nxf3+ 16. gxf3 Bf5 17. Rd1 Ne6 18. Kf2 Bd4+ 19. Kg2 Bxc3 20. bxc3 Nf4+ 21. Bxf4 Rxe2+ 22. Kg3 Rxa2 23. Rhe1 Be6 24. c5 Ra6 25. Rb1 Rc6 26. Rxb7 Rxc5 27. Be3 Rxc3 28. Rxa7 Rxa7 29. Bxa7 Rc6 30. Rb1 Kf8 31. Bd4 Ke7 32. Rb7+ Bd7 33. h4 Rc4 34. Be3 h5 35. Rb3 Ke6 36. Ra3 Bc6 37. Bf4 Bd5 38. Re3+ Kd7 39. Rd3 Kc6 40. Be5 Ra4 41. Bd4 Bc4 42. Rc3 Kd5 43. Bf2 Ra2 44. Re3 Rc2 45. Ra3 Ba2 46. Rd3+ Kc6 47. Ra3 Kb5 48. Re3 Bd5 49. Bg1 Kc6 50. Ra3 Kd7 51. Be3 Ke6 52. Bf4 Bc4 53. Be3 Bf1 54. Bf2 g5 55. Ra1 gxh4+ 56. Kxh4 Bb5 57. Bg3 Bc6 58. Ra3 Rc5 59. Re3+ Kf6 60. Bd6 Rd5 61. Bc7 Kg6 62. f4 Bd7 63. Re5 Rd1 64. Rg5+ Kf6 65. Be5+ Ke6 66. Rg2 Rh1+ 67. Kg3 h4+ 68. Kf2 h3 69. Rg1 Rh2+ 70. Kg3 Rd2 71. Kxh3 f6 72. Bb8 Rb2 73. Re1+ Kf7+ 74. Kg3 Rxb8 75. Rd1 Bf5 76. Rc1 Rb3+ 77. Kf2 Bg4 78. Rc4 Kg6 79. Ra4 Kf5 80. Kg2 Bf3+ 81. Kf2 Be4 82. Ra6 Rf3+ 83. Ke2 Bd3+ 84. Kxf3 Bxa6 85. Kg3 Bb7 0-1

[Event "EU-ch 6th"]
[Site "Warsaw"]
[Date "2005.06.26"]
[Round "8"]
[White "Skurski, Jan"]
[Black "Berescu, Alin Mile"]
[Result "1/2-1/2"]
[WhiteElo "2299"]
[BlackElo "2439"]
[PlyCount "163"]
[EventDate "2005.06.18"]
[EventType "swiss"]
[EventRounds "13"]
[EventCountry "POL"]
[SourceTitle "CBM 108"]
[Source "ChessBase"]
[SourceDate "2005.09.26"]
[SourceVersion "1"]
[SourceVersionDate "2005.09.26"]
[SourceQuality "1"]

1. e4 e6 2. d4 d5 3. Nc3 Nf6 4. e5 Nfd7 5. f4 c5 6. Nf3 Nc6 7. Be3 a6 8. Qd2 b5 9. dxc5 Bxc5 10. Bxc5 Nxc5 11. Qf2 Qb6 12. Bd3 b4 13. Ne2 a5 14. 0-0 Ba6 15. Rfd1 0-0 16. Ned4 Nxd4 17. Nxd4 Na4 18. Rab1 Rfc8 19. Rd2 Rc7 20. Ne2 Nc5 21. Nd4 a4 22. f5 Nxd3 23. cxd3 exf5 24. Nxf5 Qxf2+ 25. Kxf2 g6 26. Ne3 d4 27. Nd5 Rc5 28. Nxb4 Rxe5 29. Nc6 Rc5 30. Nxd4 Rd5 31. Nc6 Rxd3 32. Rxd3 Bxd3 33. Rc1 Re8 34. Nb4 Bf5 35. Re1 Rb8 36. a3 Kg7 37. Re3 Be6 38. Rc3 Rb5 39. Ke3 Rh5 40. h3 Re5+ 41. Kf2 h6 42. Nd3 Rb5 43. Rc5 Rb3 44. Rc3 Rb6 45. Ke3 g5 46. Kd4 Kf6 47. Nb4 Rd6+ 48. Ke3 Rd1 49. Ke2 Rb1 50. Rc2 Bb3 51. Rd2 Kf5 52. Ke3 Re1+ 53. Kf2 Rc1 54. Ke3 h5 55. Rf2+ Ke6 56. Re2 Rc8 57. Kd4+ Kd6 58. Rf2 Rc4+ 59. Kd3 Ke5 60. Re2+ Kf4 61. Re3 Kf5 62. Re2 Rc8 63. Rf2+ Ke5 64. h4 gxh4 65. Ke3 f5 66. Rf4 Rg8 67. Rxh4 Rxg2 68. Rxh5 Kf6 69. Nc6 Kg6 70. Rh4 Kg5 71. Rb4 Rxb2 72. Ne5 Rc2 73. Nf3+ Kf6 74. Rb6+ Ke7 75. Nd4 Rc5 76. Kf4 Rc4 77. Ke5 Rc5+ 78. Kf4 Bg8 79. Nxf5+ Kf7 80. Rb7+ Ke6 81. Rb6+ Kf7 82. Rb7+ 1/2-1/2

[Event "EU-ch 6th"]
[Site "Warsaw"]
[Date "2005.06.22"]
[Round "5"]
[White "Thorfinnsson, Bragi"]
[Black "Skurski, Jan"]
[Result "1/2-1/2"]
[WhiteElo "2442"]
[BlackElo "2299"]
[PlyCount "59"]
[EventDate "2005.06.18"]
[EventType "swiss"]
[EventRounds "13"]
[EventCountry "POL"]
[SourceTitle "CBM 108"]
[Source "ChessBase"]
[SourceDate "2005.09.26"]
[SourceVersion "1"]
[SourceVersionDate "2005.09.26"]
[SourceQuality "1"]

1. d4 Nf6 2. c4 g6 3. Nc3 Bg7 4. e4 d6 5. Be2 0-0 6. Bg5 Nbd7 7. Qd2 e5 8. d5 Nc5 9. f3 a5 10. b3 h6 11. Bh4 Nfxe4 12. Bxd8 Nxd2 13. Bxc7 Ndxb3 14. axb3 e4 15. 0-0-0 exf3 16. Nxf3 Bxc3 17. Bxd6 Re8 18. Bd3 Bb4 19. Bxc5 Bxc5 20. Rhe1 Bg4 21. Rxe8+ Rxe8 22. Re1 Rxe1+ 23. Nxe1 Ba3+ 24. Kb1 Kg7 25. Be4 b6 26. Kc2 Bd7 27. Nd3 f5 28. Bf3 Kf6 29. Kc3 Bc5 30. b4 1/2-1/2

[Event "EU-ch 6th"]
[Site "Warsaw"]
[Date "2005.06.20"]
[Round "3"]
[White "Andreikin, Dmitry"]
[Black "Skurski, Jan"]
[Result "1-0"]
[WhiteElo "2495"]
[BlackElo "2299"]
[PlyCount "71"]
[EventDate "2005.06.18"]
[EventType "swiss"]
[EventRounds "13"]
[EventCountry "POL"]
[SourceTitle "CBM 108"]
[Source "ChessBase"]
[SourceDate "2005.09.26"]
[SourceVersion "1"]
[SourceVersionDate "2005.09.26"]
[SourceQuality "1"]

1. d4 Nf6 2. c4 g6 3. Nc3 Bg7 4. e4 d6 5. f3 e5 6. d5 0-0 7. Be3 Nh5 8. Qd2 f5 9. 0-0-0 Nd7 10. Nge2 Ndf6 11. h3 f4 12. Bf2 b6 13. Rg1 Bh6 14. Kb1 Kg7 15. Nc1 Bd7 16. Bd3 a6 17. a3 Ng3 18. b4 a5 19. Nb3 axb4 20. axb4 Qe7 21. Kb2 Ng8 22. c5 bxc5 23. bxc5 Ba4 24. Nxa4 Rxa4 25. Ra1 Rxa1 26. Rxa1 Rf7 27. Ra7 Qf6 28. Na5 Bg5 29. Ka2 Nh6 30. Nc4 Re7 31. Qa5 Nh1 32. Bg1 Nf7 33. c6 Bh4 34. Rxc7 Qg5 35. Rxe7 Qxg2+ 36. Qd2 1-0

[Event "Warsaw-ch"]
[Site "Warsaw"]
[Date "2004.09.23"]
[Round "6"]
[White "Skladzien, Romuald"]
[Black "Skurski, Jan"]
[Result "0-1"]
[WhiteElo "2000"]
[BlackElo "2248"]
[PlyCount "70"]
[EventDate "2004.09.18"]
[EventType "swiss"]
[EventRounds "9"]
[EventCountry "POL"]
[SourceTitle "EXT 2008"]
[Source "ChessBase"]
[SourceDate "2007.11.25"]
[SourceVersion "1"]
[SourceVersionDate "2007.11.25"]
[SourceQuality "1"]

1. Nf3 Nf6 2. g3 g6 3. Bg2 Bg7 4. 0-0 0-0 5. c4 d6 6. Qc2 e5 7. d3 Nc6 8. Nbd2 Ne8 9. Rb1 g5 10. e3 a5 11. a3 f5 12. b4 axb4 13. axb4 Bf6 14. b5 Ne7 15. Nb3 Ng7 16. h3 Qe8 17. d4 h5 18. dxe5 dxe5 19. Bb2 Ng6 20. Nfd2 g4 21. hxg4 hxg4 22. Bd5+ Kh8 23. f4 exf4 24. Rfe1 fxg3 25. Nf1 c6 26. bxc6 bxc6 27. Bg2 Ra2 28. Nd4 c5 29. Ne2 Nh5 30. Nexg3 Nxg3 31. Nxg3 Rxb2 32. Rxb2 Qe5 33. Ra2 Qxg3 34. Qf2 Qxf2+ 35. Kxf2 Bh4+ 0-1

[Event "Krakow op-A"]
[Site "Krakow "]
[Date "2003.12.30"]
[Round "5"]
[White "Skurski, Jan"]
[Black "Colin, Vincent"]
[Result "1-0"]
[WhiteElo "2239"]
[BlackElo "2351"]
[PlyCount "127"]
[EventDate "2003.12.27"]
[EventType "swiss"]
[EventRounds "9"]
[EventCountry "POL"]
[SourceTitle "EXT 2006"]
[Source "ChessBase"]
[SourceDate "2005.11.24"]
[SourceVersion "1"]
[SourceVersionDate "2005.11.24"]
[SourceQuality "1"]

1. e4 e5 2. Nf3 Nc6 3. Bb5 a6 4. Ba4 Nf6 5. 0-0 b5 6. Bb3 Be7 7. d4 d6 8. c3 0-0 9. Re1 exd4 10. cxd4 Bg4 11. Be3 d5 12. e5 Ne4 13. Nc3 Bb4 14. Rc1 Ne7 15. h3 Bh5 16. g4 Bg6 17. Nh4 f5 18. Nxg6 hxg6 19. f3 Nxc3 20. bxc3 Ba3 21. Rc2 Qd7 22. f4 Qe6 23. Rg2 Kf7 24. Qf3 Rh8 25. Kf2 c6 26. Bc2 Rh7 27. Reg1 Rah8 28. Rg3 Nc8 29. gxf5 gxf5 30. Qg2 Ne7 31. Rxg7+ Ke8 32. Rxh7 Rxh7 33. Qf3 Bb2 34. Bd2 b4 35. Rg5 a5 36. Ke2 bxc3 37. Bxc3 Bxc3 38. Qxc3 c5 39. dxc5 d4 40. Qxd4 Qxa2 41. Qa4+ Qxa4 42. Bxa4+ Kd8 43. Rg3 Rh4 44. Rd3+ Kc8 45. Bd7+ Kb8 46. Be6 Ng6 47. Rd8+ Kb7 48. Bxf5 Nxf4+ 49. Kf3 Nxh3 50. Kg3 Rh5 51. e6 Rxf5 52. e7 Re5 53. e8Q Rxe8 54. Rxe8 Ng5 55. Re5 Nh7 56. Re7+ Kc6 57. Rxh7 Kxc5 58. Kf2 a4 59. Rh4 Kb5 60. Ke2 a3 61. Kd2 a2 62. Rh1 Kb4 63. Kc2 Ka3 64. Ra1 1-0

[Event "POL-ch U16"]
[Site "Krynica"]
[Date "2003.??.??"]
[Round "10"]
[White "Ejsmont, Krzysztof"]
[Black "Skurski, Jan"]
[Result "1/2-1/2"]
[WhiteElo "2100"]
[BlackElo "2155"]
[PlyCount "51"]
[EventDate "2003.??.??"]
[EventType "swiss"]
[EventRounds "11"]
[EventCountry "POL"]
[SourceTitle "EXT 2007"]
[Source "ChessBase"]
[SourceDate "2006.11.23"]
[SourceVersion "1"]
[SourceVersionDate "2006.11.23"]
[SourceQuality "1"]

1. e4 e5 2. Nf3 Nc6 3. Bb5 a6 4. Bxc6 dxc6 5. 0-0 Qd6 6. Na3 Be6 7. Qe2 f6 8. Rd1 c5 9. c3 Rd8 10. d4 cxd4 11. cxd4 c5 12. d5 b5 13. Nc2 Bd7 14. a4 g5 15. Ne3 Ne7 16. axb5 axb5 17. Bd2 h5 18. Ra7 Rb8 19. Rda1 Nc8 20. R7a6 Rb6 21. Ra8 Kf7 22. Ne1 Rb8 23. R8a6 Rb6 24. Ra8 Rb8 25. R8a6 Rb6 26. Ra8 1/2-1/2

[Event "POL-ch U16"]
[Site "Krynica"]
[Date "2003.??.??"]
[Round "3"]
[White "Skurski, Jan"]
[Black "Kazmierczak, Stanislaw"]
[Result "1-0"]
[WhiteElo "2155"]
[BlackElo "2000"]
[PlyCount "69"]
[EventDate "2003.??.??"]
[EventType "swiss"]
[EventRounds "11"]
[EventCountry "POL"]
[SourceTitle "EXT 2007"]
[Source "ChessBase"]
[SourceDate "2006.11.23"]
[SourceVersion "1"]
[SourceVersionDate "2006.11.23"]
[SourceQuality "1"]

1. e4 c6 2. d4 d5 3. f3 e6 4. Nc3 Nf6 5. e5 Nfd7 6. f4 c5 7. Nf3 Nc6 8. Be3 cxd4 9. Nxd4 Bc5 10. Qd2 Bxd4 11. Bxd4 Nxd4 12. Qxd4 Qb6 13. 0-0-0 Qxd4 14. Rxd4 a6 15. g3 h5 16. Bg2 g6 17. Ne2 b5 18. c4 bxc4 19. Rxc4 Bb7 20. Rc7 Rb8 21. Kd2 Ke7 22. Rhc1 Rhd8 23. Nd4 Ke8 24. h3 Nb6 25. b3 Rd7 26. R7c3 Rc8 27. Bf1 Kd8 28. Rxc8+ Nxc8 29. Rc5 Ne7 30. Ra5 Rc7 31. Bxa6 Nc6 32. Nxc6+ Bxc6 33. Rc5 Kd7 34. Ra5 Ra7 35. Bc8+ 1-0

[Event "POL-ch U16"]
[Site "Bartkowa"]
[Date "2002.??.??"]
[Round "?"]
[White "Kuzmicz, Krystian"]
[Black "Skurski, Jan"]
[Result "1/2-1/2"]
[WhiteElo "2211"]
[BlackElo "2088"]
[PlyCount "47"]
[EventDate "2002.01.??"]
[EventType "swiss"]
[EventRounds "10"]
[EventCountry "POL"]
[SourceTitle "EXT 2005"]
[Source "ChessBase"]
[SourceDate "2004.11.15"]
[SourceVersion "1"]
[SourceVersionDate "2004.11.15"]
[SourceQuality "1"]

1. c4 g6 2. Nc3 Bg7 3. Nf3 Nf6 4. e4 d6 5. d4 0-0 6. h3 Qe8 7. Bg5 e5 8. d5 Kh8 9. Nd2 Ng8 10. g4 f5 11. gxf5 gxf5 12. Be2 h6 13. Bh5 Qd7 14. Bh4 Bf6 15. Bg3 f4 16. Bg4 Qh7 17. Bh2 Ne7 18. Qe2 Ng6 19. 0-0-0 a5 20. Kc2 Na6 21. b3 Nh4 22. Nf3 h5 23. Bxc8 Raxc8 24. Nxh4 1/2-1/2

[Event "POL-ch U16"]
[Site "Bartkowa"]
[Date "2002.??.??"]
[Round "?"]
[White "Skurski, Jan"]
[Black "Krysztofiak, Marcin"]
[Result "0-1"]
[WhiteElo "2088"]
[BlackElo "2335"]
[PlyCount "88"]
[EventDate "2002.01.??"]
[EventType "swiss"]
[EventRounds "10"]
[EventCountry "POL"]
[SourceTitle "EXT 2005"]
[Source "ChessBase"]
[SourceDate "2004.11.15"]
[SourceVersion "1"]
[SourceVersionDate "2004.11.15"]
[SourceQuality "1"]

1. e4 e5 2. Nf3 Nc6 3. Bb5 g6 4. 0-0 Bg7 5. c3 a6 6. Bxc6 dxc6 7. d4 exd4 8. Nxd4 Nf6 9. e5 Nd5 10. f4 0-0 11. Na3 f6 12. exf6 Qxf6 13. Nac2 Qd6 14. g3 b6 15. Ne3 Nxe3 16. Bxe3 c5 17. Nf3 Qc6 18. Qe2 Bb7 19. Qg2 Rae8 20. Rae1 Ba8 21. a3 g5 22. Bc1 Rd8 23. h3 Rd6 24. Re2 gxf4 25. Bxf4 Rxf4 26. gxf4 Rg6 27. Qxg6 hxg6 28. Kh2 Bb7 29. Ng5 Bh6 30. Rfe1 Qd6 31. Re8+ Bf8 32. Kg3 Bc6 33. R8e6 Qd5 34. Rxg6+ Bg7 35. Rge6 Qg2+ 36. Kh4 Qf2+ 37. Kh5 Bd5 38. Re8+ Bf8 39. Kg6 Bc6 40. R8e6 Bd7 41. R6e4 Qh4 42. Re6 Bxe6 43. Rxe6 Qxf4 44. Re8 Qf2 0-1

[Event "Berlin-Warsaw m U18"]
[Site "Berlin"]
[Date "2001.05.11"]
[Round "1.6"]
[White "Skurski, Jan"]
[Black "Lassan, Christian"]
[Result "1-0"]
[WhiteElo "2100"]
[BlackElo "1669"]
[PlyCount "77"]
[EventDate "2001.05.??"]
[EventType "team-tourn"]
[EventRounds "2"]
[EventCountry "GER"]
[SourceTitle "EXT 2003"]
[Source "ChessBase"]
[SourceDate "2002.11.25"]
[SourceVersion "1"]
[SourceVersionDate "2002.11.25"]
[SourceQuality "1"]

1. Nf3 f5 2. g3 Nf6 3. Bg2 g6 4. 0-0 Bg7 5. d3 0-0 6. Nc3 d6 7. e4 fxe4 8. dxe4 e5 9. Bg5 Be6 10. Nd5 Nbd7 11. Nd2 Bxd5 12. exd5 Qe8 13. c4 h6 14. Be3 g5 15. Qc2 Qh5 16. h3 a6 17. Rae1 Rac8 18. Qd3 Rce8 19. b3 e4 20. Nxe4 Nxe4 21. Bxe4 Ne5 22. Qd1 Qxh3 23. Bg2 Qd7 24. Bd4 Qf7 25. Bxe5 Bxe5 26. Bh3 Qg6 27. Bg4 Qf6 28. Kg2 Bd4 29. Re6 Rxe6 30. Bxe6+ Kg7 31. f4 Be3 32. f5 Qb2+ 33. Kh1 Rf6 34. Qh5 Qe5 35. Qe8 Qe4+ 36. Kh2 Qc2+ 37. Kh3 g4+ 38. Kxg4 Qe2+ 39. Rf3 1-0